La comunicación social frente al proceso de integración
Zapisane w:
| 1. autor: | |
|---|---|
| Format: | Texto |
| Język: | Spanish |
| Wydane: |
San José :
1977
|
| Etykiety: |
Dodaj etykietę
Nie ma etykietki, Dołącz pierwszą etykiete!
|
MARC
| LEADER | 00000 a a2200000 04500 | ||
|---|---|---|---|
| 001 | 16687 | ||
| 003 | cru CIDCACS/IIS | ||
| 005 | 20231205084700.0 | ||
| 008 | 231205b |||||||| |||| 00| 0 spa d | ||
| 040 | |c cru CIDCACS/IIS | ||
| 090 | |a 01.02.01 E32c | ||
| 100 | |a Maldonado Viscarra, Mario E. | ||
| 245 | |a La comunicación social frente al proceso de integración | ||
| 260 | |a San José : |c 1977 | ||
| 300 | |a 16 p. | ||
| 942 | |2 z |c LI |h 01.02.01 E32c |i 09136 |6 010201_E32C_09136 | ||
| 999 | |c 2555 |d 2555 | ||
